[Event "RUS-chT U18"]
[Site "Sochi"]
[Date "2007.05.09"]
[Round "?"]
[White "Schuch, H."]
[Black "Pocenjuk, A."]
[Result "1-0"]
[WhiteElo "2258"]
[BlackElo "2091"]
[PlyCount "52"]
[EventDate "2007.05.02"]
[EventType "team"]
[EventRounds "9"]
[EventCountry "RUS"]
[SourceTitle "CBM 118 Extra"]
[Source "ChessBase"]
[SourceDate "2007.07.04"]
[SourceVersion "1"]
[SourceVersionDate "2007.07.04"]
[SourceQuality "1"]

1. e4 e5 2. Nf3 Nc6 3. Bb5 Nf6 4. Qe2 Bc5 5. c3 d6 6. 0-0 0-0 7. Rd1 a6 8. Ba4 b5 9. Bb3 Qe7 10. d3 h6 11. Nbd2 Bb7 12. Nf1 Ng4 13. d4 Bb6 14. Ng3 exd4 15. cxd4 Nf6 16. Bc2 Nb4 17. Bb1 Rae8 18. a3 Nc6 19. Qc2 Kh8 20. Bf4 Ng8 21. h4 f5 22. Nxf5 Rxf5 23. exf5 Nf6 24. Bd2 Qe4 25. Qxe4 Rxe4 26. Be3 Ne7 1-0

[Event "RUS-chT U18"]
[Site "Sochi"]
[Date "2007.05.06"]
[Round "?"]
[White "Schuch, H."]
[Black "Schimanov, A."]
[Result "0-1"]
[WhiteElo "2258"]
[BlackElo "2431"]
[PlyCount "138"]
[EventDate "2007.05.02"]
[EventType "team"]
[EventRounds "9"]
[EventCountry "RUS"]
[SourceTitle "CBM 118 Extra"]
[Source "ChessBase"]
[SourceDate "2007.07.04"]
[SourceVersion "1"]
[SourceVersionDate "2007.07.04"]
[SourceQuality "1"]

1. e4 e5 2. Nf3 Nc6 3. Bb5 Nf6 4. Qe2 Bc5 5. c3 0-0 6. 0-0 Re8 7. h3 h6 8. Rd1 Bf8 9. d3 a6 10. Ba4 b5 11. Bb3 Bb7 12. Nbd2 Na5 13. Bc2 d5 14. Nf1 c5 15. Ng3 Qc7 16. Nh2 Rad8 17. Ng4 Nxg4 18. hxg4 f6 19. Nf5 Rd7 20. Bd2 Red8 21. Ne3 d4 22. cxd4 cxd4 23. Bxa5 Qxa5 24. Bb3+ Kh8 25. Nd5 Bxd5 26. Bxd5 Rc7 27. Rac1 Rdc8 28. Rxc7 Qxc7 29. Be6 Qc2 30. Rd2 Qb1+ 31. Rd1 Rc1 32. Rxc1 Qxc1+ 33. Kh2 Bb4 34. g3 g6 35. Kg2 Bd2 36. Bd5 Bg5 37. Bb3 Bd2 38. g5 Bxg5 39. Qg4 Qc6 40. Bd5 Qe8 41. Qd1 Qc8 42. Qb3 h5 43. Qb4 Qd8 44. a4 bxa4 45. Qxa4 a5 46. Qc6 Kg7 47. Qb7+ Kh6 48. Qf7 Bd2 49. Be6 Qh8 50. Qc7 Qf8 51. f4 exf4 52. gxf4 Be3 53. Kf3 Qe8 54. Qd6 Kg7 55. Bc4 Qf8 56. Qc7+ Kh6 57. b3 g5 58. Qxa5 Bxf4 59. Qf5 Be5 60. Qd7 g4+ 61. Ke2 Qg7 62. Bb5 Qxd7 63. Bxd7 Kg5 64. Kf2 h4 65. b4 h3 66. b5 g3+ 67. Kf1 g2+ 68. Kg1 Kh4 69. Kf2 Bh2 0-1

[Event "RUS-chT U18"]
[Site "Sochi"]
[Date "2007.05.04"]
[Round "?"]
[White "Kachko, Alexander"]
[Black "Schuch, H."]
[Result "1/2-1/2"]
[WhiteElo "2410"]
[BlackElo "2258"]
[PlyCount "120"]
[EventDate "2007.05.02"]
[EventType "team"]
[EventRounds "9"]
[EventCountry "RUS"]
[SourceTitle "CBM 118 Extra"]
[Source "ChessBase"]
[SourceDate "2007.07.04"]
[SourceVersion "1"]
[SourceVersionDate "2007.07.04"]
[SourceQuality "1"]

1. d4 Nf6 2. c4 c5 3. d5 b5 4. cxb5 a6 5. b6 e6 6. dxe6 fxe6 7. Nf3 Qxb6 8. g3 Bb7 9. Bg2 Be7 10. 0-0 0-0 11. Nc3 Nc6 12. b3 Nd4 13. Na4 Nxf3+ 14. Bxf3 Qa7 15. Bxb7 Qxb7 16. Ba3 d6 17. Qd3 e5 18. Qc4+ Kh8 19. Qe6 Ne4 20. Rad1 Bg5 21. Bc1 Bxc1 22. Rxc1 Qb5 23. Rc2 Rad8 24. f3 Nf6 25. Rd1 e4 26. Nc3 Qb7 27. f4 Rfe8 28. Qf5 d5 29. Rcd2 e3 30. Rd3 d4 31. Qxc5 Ne4 32. Rxd4 Nf2 33. Nd5 Nxd1 34. Rxd1 Rc8 35. Qb6 Qxb6 36. Nxb6 Rc2 37. Kf1 Rxa2 38. Nc4 Kg8 39. Rd3 Ra1+ 40. Kg2 Re1 41. Kf3 Rf1+ 42. Kg4 Re1 43. Nxe3 Rxe2 44. Nf5 Rxh2 45. Kg5 Rf8 46. Rd6 Rc2 47. b4 a5 48. Rd7 axb4 49. Rxg7+ Kh8 50. Rb7 Rc5 51. g4 Rc4 52. Kh6 Rf6+ 53. Kh5 Rf8 54. Kh6 Rc6+ 55. Kh5 Rc1 56. Rxb4 Rh1+ 57. Nh4 Rf1 58. f5 Rh1 59. Rb6 Kg7 60. Kg5 Rf1 1/2-1/2